El transporte marítimo del caucho natural /
Guardado en:
| Autor Corporativo: | |
|---|---|
| Formato: | Libro |
| Idioma: | Spanish |
| Publicado: |
Nueva York :
Naciones Unidas,
1970.
|
| Series: | TD/B/C.4/60/Rev. 1
|
| Materias: | |
| Etiquetas: |
Agregar Etiqueta
Sin Etiquetas, Sea el primero en etiquetar este registro!
|
| LEADER | 00648nam a22001695a 4500 | ||
|---|---|---|---|
| 001 | EIQ.libpla000293 | ||
| 008 | 051130s1970####xxu###########100#0#spa#d | ||
| 005 | 20060511175108.0 | ||
| 245 | 1 | 3 | |a El transporte marítimo del caucho natural / |c Informe de la secretaria de la UNCTAD. |
| 260 | |a Nueva York : |b Naciones Unidas, |c 1970. | ||
| 300 | |a ix, 129 p. ; |c 28 cm. | ||
| 440 | 0 | |a TD/B/C.4/60/Rev. 1 | |
| 111 | 2 | |a Conferencia de las Naciones Unidas sobre Comercio y Desarrollo |d (1970 : |c Ginebra) | |
| 650 | 4 | |a Transporte marítimo |x Caucho. | |
| 650 | 4 | |a Marine transport |x Rubber. | |
| 040 | |a AR-BbSID |b spa |c AR-BbSID | ||
| 859 | |a AR-BbSID |b BIB. PLAPIQUI |h 387.5 |i C 76 |p 127 | ||
